[Event "25th 4NCL Congress"]
[Site "Leamington Spa, United Kingdom"]
[Date "2021.07.11"]
[Round "4.17"]
[White "Moyse, Nigel J"]
[Black "Farrington, Edward J"]
[Result "0-1"]
[TimeControl "All moves in 90 minutes + 30 seconds per move"]
[WhiteElo "2036"]
[BlackElo "1983"]

1. d4 {[%clk 01:27:16]} {[%emt 00:00:34]} d5 {[%clk 01:30:55]} 2. Bf4 {[%clk
01:26:38]} Nf6 {[%clk 01:31:15]} 3. e3 {[%clk 01:25:01]} c5 {[%clk 01:31:35]} 4.
c3 {[%clk 01:24:54]} Nc6 {[%clk 01:31:56]} 5. Nd2 {[%clk 01:23:04]} cxd4 {[%clk
01:32:15]} 6. exd4 {[%clk 01:20:40]} Bf5 {[%clk 01:32:25]} 7. Ngf3 {[%clk
01:19:18]} e6 {[%clk 01:31:23]} 8. Bb5 {[%clk 01:18:22]} Bd6 {[%clk 01:29:48]}
9. Ne5 {[%clk 01:11:32]} Bxe5 {[%clk 01:20:30]} 10. Bxe5 {[%clk 01:08:28]} O-O
{[%clk 01:19:40]} 11. Bg3 {[%clk 01:04:10]} Qb6 {[%clk 01:17:18]} 12. Qb3
{[%clk 01:03:55]} Nh5 {[%clk 00:56:47]} 13. O-O {[%clk 00:56:25]} Nxg3 {[%clk
00:55:04]} 14. hxg3 {[%clk 00:54:13]} Na5 {[%clk 00:52:01]} 15. Qb4 {[%clk
00:49:02]} a6 {[%clk 00:49:10]} 16. Ba4 {[%clk 00:48:32]} Qxb4 {[%clk
00:46:55]} 17. cxb4 {[%clk 00:48:55]} Nc4 {[%clk 00:45:51]} 18. Nxc4 {[%clk
00:47:12]} dxc4 {[%clk 00:46:09]} 19. Rac1 {[%clk 00:46:20]} b5 {[%clk
00:37:32]} 20. Bc2 {[%clk 00:46:44]} Bxc2 {[%clk 00:37:36]} 21. Rxc2 Rfd8
{[%clk 00:38:00]} 22. Rd1 {[%clk 00:46:33]} Rd5 {[%clk 00:35:37]} 23. f4 {[%clk
00:46:08]} Rad8 {[%clk 00:35:14]} 24. Rcd2 {[%clk 00:46:32]} f6 {[%clk
00:31:34]} 25. Kf2 {[%clk 00:46:52]} h5 {[%clk 00:28:15]} 26. Ke3 {[%clk
00:41:01]} Kf7 {[%clk 00:25:28]} 27. Ke4 {[%clk 00:31:55]} g5 {[%clk 00:24:01]}
28. Rh1 {[%clk 00:25:47]} Kg6 {[%clk 00:23:47]} 29. Ke3 {[%clk 00:24:18]} e5
{[%clk 00:08:19]} 30. Rhd1 {[%clk 00:16:18]} Kf5 {[%clk 00:05:11]} 31. fxe5
{[%clk 00:14:29]} fxe5 {[%clk 00:05:02]} 32. Rf1+ {[%clk 00:14:38]} Kg4 {[%clk
00:04:14]} 33. Rf6 {[%clk 00:13:32]} exd4+ {[%clk 00:04:03]} 34. Ke4 {[%clk
00:13:37]} R5d6 {[%clk 00:03:04]} 35. Rxd6 {[%clk 00:13:00]} Rxd6 {[%clk
00:03:20]} 36. Ke5 {[%clk 00:12:48]} Rd8 {[%clk 00:03:08]} 37. Kf6 {[%clk
00:12:40]} {[%emt 00:00:03]} d3 {[%clk 00:03:10]} {[%emt 00:00:27]} 38. Ke7
{[%clk 00:11:01]} {[%emt 00:02:10]} Rd4 {[%clk 00:03:07]} {[%emt 00:00:33]} 39.
a4 {[%clk 00:10:35]} {[%emt 00:00:57]} Re4+ {[%clk 00:03:04]} {[%emt 00:00:32]}
40. Kd6 {[%clk 00:11:02]} {[%emt 00:00:03]} Re2 {[%clk 00:03:23]} {[%emt
00:00:12]} 41. Rd1 {[%clk 00:11:15]} {[%emt 00:00:17]} Rxb2 {[%clk 00:03:22]}
{[%emt 00:00:31]} 42. Kc5 {[%clk 00:11:43]} {[%emt 00:00:01]} d2 {[%clk
00:02:42]} {[%emt 00:01:10]} 43. axb5 {[%clk 00:11:54]} {[%emt 00:00:19]} axb5
{[%clk 00:03:04]} {[%emt 00:00:09]} 44. Kxb5 {[%clk 00:09:35]} {[%emt
00:02:49]} c3 {[%clk 00:02:49]} {[%emt 00:00:44]} 0-1

[Event "25th 4NCL Congress"]
[Site "Leamington Spa, United Kingdom"]
[Date "2021.07.11"]
[Round "4.18"]
[White "Adams, Mark A"]
[Black "Hurney, Kevin"]
[Result "1/2-1/2"]
[TimeControl "All moves in 90 minutes + 30 seconds per move"]
[WhiteElo "1944"]
[BlackElo "1966"]

1. e4 {[%clk 01:30:55]} {[%emt 00:05:32]} g6 {[%clk 01:30:49]} 2. d4 {[%clk
01:31:18]} Bg7 {[%clk 01:31:12]} 3. Nc3 {[%clk 01:31:41]} d6 {[%clk 01:31:30]}
4. Be3 {[%clk 01:32:00]} c6 {[%clk 01:30:56]} 5. h3 {[%clk 01:31:55]} Qa5
{[%clk 01:30:03]} 6. Nf3 {[%clk 01:30:10]} Nd7 {[%clk 01:27:39]} 7. Qd2 {[%clk
01:27:35]} Ngf6 {[%clk 01:22:37]} 8. Bd3 {[%clk 01:24:05]} O-O {[%clk
01:12:45]} 9. O-O {[%clk 01:21:39]} Re8 10. Ne2 {[%clk 01:07:43]} Qxd2 {[%clk
01:06:42]} 11. Nxd2 {[%clk 01:06:42]} e5 {[%clk 01:06:10]} 12. c3 {[%clk
00:46:16]} d5 {[%clk 01:03:42]} 13. f3 {[%clk 00:46:35]} b6 {[%clk 00:59:18]}
14. Rfe1 {[%clk 00:42:43]} Bb7 {[%clk 00:58:21]} 15. Rad1 {[%clk 00:38:08]}
Rad8 {[%clk 00:57:02]} 16. Bf2 {[%clk 00:34:26]} c5 {[%clk 00:53:57]} 17. Bb5
{[%clk 00:30:42]} exd4 {[%clk 00:49:56]} 18. cxd4 {[%clk 00:30:35]} dxe4 {[%clk
00:47:58]} 19. fxe4 {[%clk 00:30:46]} Nxe4 {[%clk 00:45:41]} 20. Nxe4 {[%clk
00:30:07]} Bxe4 {[%clk 00:38:38]} 21. dxc5 {[%clk 00:29:45]} Nxc5 {[%clk
00:36:29]} 22. Bxe8 {[%clk 00:30:00]} Rxe8 {[%clk 00:36:55]} 23. Nc3 {[%clk
00:23:58]} {[%emt 00:00:59]} f5 {[%clk 00:37:14]} {[%emt 00:00:11]} 24. Bxc5
{[%clk 00:23:51]} {[%emt 00:00:38]} bxc5 {[%clk 00:37:31]} {[%emt 00:00:12]} 25.
Nxe4 {[%clk 00:22:53]} {[%emt 00:01:27]} fxe4 {[%clk 00:37:51]} {[%emt
00:00:10]} 26. Re2 {[%clk 00:21:10]} {[%emt 00:02:14]} Bd4+ {[%clk 00:37:58]}
{[%emt 00:00:23]} 27. Kh2 {[%clk 00:21:01]} {[%emt 00:00:39]} a5 {[%clk
00:34:14]} {[%emt 00:04:15]} 28. b3 {[%clk 00:21:09]} {[%emt 00:00:21]} e3
{[%clk 00:34:09]} {[%emt 00:00:34]} 29. Rd3 {[%clk 00:11:30]} {[%emt 00:10:09]}
1/2-1/2

[Event "25th 4NCL Congress"]
[Site "Leamington Spa, United Kingdom"]
[Date "2021.07.11"]
[Round "4.19"]
[White "Cox, Toby"]
[Black "De Coverly, Roger D"]
[Result "*"]
[TimeControl "All moves in 90 minutes + 30 seconds per move"]
[WhiteClock "00:03:46"]
[BlackClock "00:04:40"]
[ReferenceTime "B/2021-07-11T14:18:06.453+01:00"]
[WhiteElo "1783"]
[BlackElo "1958"]

1. e4 {[%clk 01:30:30]} {[%emt 00:00:30]} e5 {[%clk 01:30:54]} {[%emt
00:00:06]} 2. f4 {[%clk 01:30:42]} {[%emt 00:00:18]} d5 {[%clk 01:31:18]}
{[%emt 00:00:06]} 3. exd5 {[%clk 01:30:51]} {[%emt 00:00:22]} c6 {[%clk
01:31:17]} {[%emt 00:00:32]} 4. dxc6 {[%clk 01:28:02]} {[%emt 00:03:19]} Nxc6
{[%clk 01:31:03]} {[%emt 00:00:43]} 5. Nf3 {[%clk 01:27:04]} {[%emt 00:01:28]}
exf4 {[%clk 01:30:46]} {[%emt 00:00:47]} 6. d4 {[%clk 01:26:12]} {[%emt
00:01:23]} Bd6 {[%clk 01:30:16]} {[%emt 00:00:59]} 7. Bc4 {[%clk 01:24:06]}
{[%emt 00:02:36]} Nf6 {[%clk 01:24:34]} {[%emt 00:06:12]} 8. Qe2+ {[%clk
01:23:01]} {[%emt 00:01:34]} Qe7 {[%clk 01:23:16]} {[%emt 00:01:50]} 9. Qxe7+
{[%clk 01:22:48]} {[%emt 00:00:43]} Kxe7 {[%clk 01:18:15]} {[%emt 00:05:31]} 10.
Nc3 {[%clk 01:20:49]} {[%emt 00:02:29]} h6 {[%clk 01:10:13]} {[%emt 00:08:31]}
11. O-O {[%clk 01:15:28]} {[%emt 00:05:51]} g5 {[%clk 01:07:31]} {[%emt
00:03:13]} 12. Re1+ {[%clk 01:11:01]} {[%emt 00:04:57]} Kf8 {[%clk 01:07:01]}
{[%emt 00:00:59]} 13. Nb5 {[%clk 00:56:53]} {[%emt 00:14:39]} Bb8 {[%clk
01:05:22]} {[%emt 00:02:08]} 14. b3 {[%clk 00:33:11]} {[%emt 00:24:13]} a6
{[%clk 00:57:35]} {[%emt 00:08:17]} 15. Na3 {[%clk 00:33:34]} {[%emt 00:00:07]}
Nb4 {[%clk 00:54:54]} {[%emt 00:03:11]} 16. Bb2 {[%clk 00:32:10]} {[%emt
00:01:54]} Rg8 {[%clk 00:51:36]} {[%emt 00:03:47]} 17. c3 {[%clk 00:28:00]}
{[%emt 00:04:41]} Nbd5 {[%clk 00:50:46]} {[%emt 00:01:19]} 18. Bd3 {[%clk
00:27:40]} {[%emt 00:00:51]} g4 {[%clk 00:45:25]} {[%emt 00:05:50]} 19. Ne5
{[%clk 00:26:30]} {[%emt 00:01:40]} h5 {[%clk 00:40:02]} {[%emt 00:05:53]} 20.
Nc2 {[%clk 00:25:00]} {[%emt 00:02:01]} h4 {[%clk 00:35:03]} {[%emt 00:05:28]}
21. c4 {[%clk 00:24:13]} {[%emt 00:01:17]} Nc7 {[%clk 00:33:20]} {[%emt
00:02:13]} 22. d5 {[%clk 00:16:03]} {[%emt 00:08:40]} Nce8 {[%clk 00:30:50]}
{[%emt 00:03:00]} 23. Nd4 {[%clk 00:14:03]} {[%emt 00:02:31]} Nd7 {[%clk
00:22:00]} {[%emt 00:09:20]} 24. Nf5 {[%clk 00:08:35]} {[%emt 00:05:58]} Nc5
{[%clk 00:18:57]} {[%emt 00:03:33]} 25. Ba3 {[%clk 00:04:37]} {[%emt 00:04:28]}
Ba7 {[%clk 00:19:09]} {[%emt 00:00:17]} 26. Nh6 {[%clk 00:01:32]} {[%emt
00:03:34]} Kg7 {[%clk 00:18:34]} {[%emt 00:01:05]} 27. Nexf7 {[%clk 00:01:11]}
{[%emt 00:00:52]} Nxd3+ {[%clk 00:18:22]} {[%emt 00:00:42]} 28. Kh1 {[%clk
00:01:36]} {[%emt 00:00:05]} Nxe1 {[%clk 00:16:43]} {[%emt 00:02:08]} 29. Rxe1
{[%clk 00:02:02]} {[%emt 00:00:04]} Nf6 {[%clk 00:15:51]} {[%emt 00:01:22]} 30.
Re5 {[%clk 00:01:37]} {[%emt 00:00:55]} Re8 {[%clk 00:14:54]} {[%emt 00:01:27]}
31. Be7 {[%clk 00:01:25]} {[%emt 00:00:42]} Bd7 {[%clk 00:13:54]} {[%emt
00:01:30]} 32. d6 {[%clk 00:00:46]} {[%emt 00:01:09]} Bc6 {[%clk 00:12:52]}
{[%emt 00:01:33]} 33. Rg5+ {[%clk 00:00:51]} {[%emt 00:00:24]} Kh7 {[%clk
00:12:12]} {[%emt 00:01:10]} 34. Nxg4 {[%clk 00:00:37]} {[%emt 00:00:45]} Nxg4
{[%clk 00:11:33]} {[%emt 00:01:09]} 35. Rxg4 {[%clk 00:01:05]} {[%emt
00:00:02]} f3 {[%clk 00:11:16]} {[%emt 00:00:47]} 36. Ng5+ {[%clk 00:01:13]}
{[%emt 00:00:20]} Kg6 {[%clk 00:08:38]} {[%emt 00:03:09]} 37. Nxf3+ {[%clk
00:01:38]} {[%emt 00:00:06]} Kf5 {[%clk 00:08:03]} {[%emt 00:01:04]} 38. Rg5+
{[%clk 00:01:59]} {[%emt 00:00:10]} Ke4 {[%clk 00:07:08]} {[%emt 00:01:25]} 39.
Re5+ {[%clk 00:01:41]} {[%emt 00:00:49]} Kd3 {[%clk 00:07:17]} {[%emt
00:00:20]} 40. Nxh4 {[%clk 00:01:32]} {[%emt 00:00:40]} Bd4 {[%clk 00:06:58]}
{[%emt 00:00:48]} 41. Rf5 {[%clk 00:01:11]} {[%emt 00:00:51]} Be4 {[%clk
00:06:56]} {[%emt 00:00:32]} 42. Rf1 {[%clk 00:01:36]} {[%emt 00:00:05]} Ke2
{[%clk 00:06:29]} {[%emt 00:00:57]} 43. Rf4 {[%clk 00:01:04]} {[%emt 00:01:02]}
Kd3 {[%clk 00:06:24]} {[%emt 00:00:35]} 44. Rf1 {[%clk 00:00:49]} {[%emt
00:00:45]} a5 {[%clk 00:05:56]} {[%emt 00:00:58]} 45. Rd1+ {[%clk 00:00:51]}
{[%emt 00:00:28]} Kc3 {[%clk 00:06:07]} {[%emt 00:00:19]} 46. Rc1+ {[%clk
00:01:01]} {[%emt 00:00:20]} Kd2 {[%clk 00:05:55]} {[%emt 00:00:42]} 47. Rf1
{[%clk 00:00:59]} {[%emt 00:00:31]} a4 {[%clk 00:05:57]} {[%emt 00:00:29]} 48.
b4 {[%clk 00:01:06]} {[%emt 00:00:24]} a3 {[%clk 00:05:02]} {[%emt 00:01:25]}
49. c5 {[%clk 00:00:56]} {[%emt 00:00:39]} Kc3 {[%clk 00:04:15]} {[%emt
00:01:17]} 50. Re1 {[%clk 00:00:44]} {[%emt 00:00:43]} Bd5 {[%clk 00:03:35]}
{[%emt 00:01:10]} 51. Nf5 {[%clk 00:00:43]} {[%emt 00:00:30]} Kd2 {[%clk
00:02:30]} {[%emt 00:01:35]} 52. Rf1 {[%clk 00:00:52]} {[%emt 00:00:21]} Rg8
{[%clk 00:02:41]} {[%emt 00:00:19]} 53. Nh4 {[%clk 00:00:44]} {[%emt 00:00:38]}
Bb2 {[%clk 00:02:36]} {[%emt 00:00:36]} 54. h3 {[%clk 00:00:34]} {[%emt
00:00:40]} Bxa2 {[%clk 00:02:46]} {[%emt 00:00:19]} 55. Nf3+ {[%clk 00:00:59]}
{[%emt 00:00:05]} Kd3 {[%clk 00:02:51]} {[%emt 00:00:25]} 56. Rd1+ {[%clk
00:01:19]} {[%emt 00:00:10]} Kc4 {[%clk 00:02:41]} {[%emt 00:00:40]} 57. d7
{[%clk 00:01:25]} {[%emt 00:00:24]} Rgd8 {[%clk 00:02:38]} {[%emt 00:00:33]} 58.
Rd6 {[%clk 00:01:14]} {[%emt 00:00:41]} Kb5 {[%clk 00:02:20]} {[%emt 00:00:48]}
59. Ne1 {[%clk 00:00:46]} {[%emt 00:00:59]} Bb1 {[%clk 00:02:04]} {[%emt
00:00:46]} 60. Rb6+ {[%clk 00:01:06]} {[%emt 00:00:10]} Kc4 {[%clk 00:02:10]}
{[%emt 00:00:23]} 61. Bxd8 {[%clk 00:01:11]} {[%emt 00:00:26]} Rxd8 {[%clk
00:02:32]} {[%emt 00:00:09]} 62. Rxb7 {[%clk 00:01:30]} {[%emt 00:00:10]} Be4
{[%clk 00:02:26]} {[%emt 00:00:35]} 63. Ra7 {[%clk 00:01:40]} {[%emt 00:00:21]}
Bc6 {[%clk 00:02:32]} {[%emt 00:00:36]} 64. Nc2 {[%clk 00:01:40]} {[%emt
00:00:18]} Kb3 {[%clk 00:02:49]} {[%emt 00:00:12]} 65. Nxa3 {[%clk 00:01:24]}
{[%emt 00:00:46]} Bxa3 {[%clk 00:03:09]} {[%emt 00:00:10]} 66. Rc7 {[%clk
00:01:49]} {[%emt 00:00:05]} Bxd7 {[%clk 00:03:20]} {[%emt 00:00:19]} 67. c6
{[%clk 00:01:52]} {[%emt 00:00:27]} Bc8 {[%emt 00:00:44]} 68. g4 {[%clk
00:01:51]} Bxb4 {[%clk 00:03:50]} {[%emt 00:00:18]} 69. Kg2 {[%clk 00:02:00]}
{[%emt 00:00:20]} Be6 {[%clk 00:03:47]} {[%emt 00:00:33]} 70. g5 {[%clk
00:01:55]} {[%emt 00:00:35]} Rd2+ {[%clk 00:03:53]} {[%emt 00:00:24]} 71. Kf3
{[%clk 00:02:06]} {[%emt 00:00:20]} Bxh3 {[%clk 00:03:57]} {[%emt 00:00:25]} 72.
g6 {[%clk 00:02:00]} {[%emt 00:00:36]} Be6 {[%clk 00:03:42]} {[%emt 00:00:45]}
73. Ke4 {[%clk 00:01:55]} {[%emt 00:00:35]} Rg2 {[%clk 00:03:53]} {[%emt
00:00:19]} 74. g7 {[%clk 00:02:04]} {[%emt 00:00:20]} Bc3 {[%clk 00:03:59]}
{[%emt 00:00:25]} 75. Re7 {[%clk 00:02:24]} {[%emt 00:00:10]} Bh3 {[%clk
00:03:53]} {[%emt 00:00:36]} 76. Kd5 {[%clk 00:02:08]} {[%emt 00:00:45]} Rg5+
{[%clk 00:03:15]} {[%emt 00:01:08]} 77. Ke4 {[%clk 00:02:02]} {[%emt 00:00:36]}
Rxg7 {[%clk 00:03:31]} {[%emt 00:00:13]} 78. Rxg7 {[%clk 00:02:23]} {[%emt
00:00:10]} Bxg7 {[%clk 00:03:56]} {[%emt 00:00:05]} 79. Kd5 {[%clk 00:02:42]}
{[%emt 00:00:11]} Kb4 {[%clk 00:03:49]} {[%emt 00:00:38]} 80. Kd6 {[%clk
00:02:37]} {[%emt 00:00:35]} Kb5 {[%clk 00:04:00]} {[%emt 00:00:18]} 81. Kc7
{[%clk 00:02:53]} {[%emt 00:00:14]} Bg2 {[%clk 00:04:20]} {[%emt 00:00:11]} 82.
Kd6 {[%clk 00:03:20]} {[%emt 00:00:03]} Bxc6 {[%clk 00:04:40]} {[%emt
00:00:10]} 83. Ke6 {[%clk 00:03:46]} {[%emt 00:00:04]} *

[Event "25th 4NCL Congress"]
[Site "Leamington Spa, United Kingdom"]
[Date "2021.07.11"]
[Round "4.20"]
[White "Jukes, Sam"]
[Black "Handley, Michael R"]
[Result "0-1"]
[TimeControl "All moves in 90 minutes + 30 seconds per move"]
[WhiteElo "1871"]
[BlackElo "1979"]

1. e4 {[%clk 01:30:55]} {[%emt 00:00:05]} e6 {[%clk 01:30:35]} {[%emt
00:00:25]} 2. Nf3 {[%clk 01:31:20]} {[%emt 00:00:05]} d5 {[%clk 01:30:59]}
{[%emt 00:00:06]} 3. e5 {[%clk 01:31:45]} {[%emt 00:00:05]} c5 {[%clk
01:31:24]} {[%emt 00:00:05]} 4. b4 {[%clk 01:32:05]} {[%emt 00:00:10]} cxb4
{[%clk 01:31:37]} {[%emt 00:00:17]} 5. a3 {[%clk 01:32:27]} {[%emt 00:00:07]}
bxa3 {[%clk 01:31:39]} {[%emt 00:00:01]} 6. d4 {[%clk 01:32:57]} Nc6 {[%clk
01:31:30]} {[%emt 00:01:06]} 7. c3 {[%clk 01:33:21]} {[%emt 00:00:06]} Bd7
{[%clk 01:31:55]} {[%emt 00:00:04]} 8. Bd3 {[%clk 01:33:17]} {[%emt 00:00:34]}
b5 {[%clk 01:31:27]} {[%emt 00:00:59]} 9. Bxa3 {[%clk 01:25:30]} {[%emt
00:08:17]} b4 {[%clk 01:23:21]} {[%emt 00:08:36]} 10. cxb4 {[%clk 01:21:15]}
{[%emt 00:04:45]} Bxb4+ {[%clk 01:17:28]} {[%emt 00:06:22]} 11. Bxb4 {[%clk
01:20:12]} {[%emt 00:01:33]} Nxb4 {[%clk 01:17:53]} {[%emt 00:00:06]} 12. O-O
{[%clk 01:20:21]} {[%emt 00:00:19]} Ne7 {[%clk 01:15:36]} {[%emt 00:02:49]} 13.
Nc3 {[%clk 01:17:27]} {[%emt 00:03:23]} Nxd3 {[%clk 01:10:47]} {[%emt
00:05:19]} 14. Qxd3 {[%clk 01:17:52]} {[%emt 00:00:05]} O-O {[%clk 01:11:02]}
{[%emt 00:00:15]} 15. h4 {[%clk 01:11:56]} {[%emt 00:06:27]} f6 {[%clk
01:11:07]} {[%emt 00:00:25]} 16. exf6 {[%clk 01:09:11]} {[%emt 00:03:14]} gxf6
{[%clk 01:11:29]} {[%emt 00:00:08]} 17. Rfe1 {[%clk 01:08:40]} {[%emt
00:01:00]} Kh8 {[%clk 01:11:39]} {[%emt 00:00:20]} 18. Ne2 {[%clk 01:05:32]}
{[%emt 00:03:38]} Qc7 {[%clk 01:11:55]} {[%emt 00:00:15]} 19. Qd2 {[%clk
01:01:00]} {[%emt 00:05:02]} Rae8 {[%clk 01:09:05]} {[%emt 00:03:20]} 20. Rec1
{[%clk 00:56:11]} {[%emt 00:05:19]} Qb8 {[%clk 01:07:27]} {[%emt 00:02:08]} 21.
Rab1 {[%clk 00:55:48]} {[%emt 00:00:52]} Bb5 {[%clk 01:07:37]} {[%emt
00:00:21]} 22. Nc3 {[%clk 00:53:43]} {[%emt 00:02:34]} a6 {[%clk 01:08:02]}
{[%emt 00:00:06]} 23. Nxb5 {[%clk 00:53:48]} {[%emt 00:00:25]} axb5 {[%clk
01:08:31]} {[%emt 00:00:01]} 24. Rc5 {[%clk 00:53:36]} {[%emt 00:00:41]} Rc8
{[%clk 01:07:26]} {[%emt 00:01:35]} 25. Rcxb5 {[%clk 00:53:27]} {[%emt
00:00:40]} Qd6 {[%clk 01:07:37]} {[%emt 00:00:19]} 26. Rb6 {[%clk 00:49:08]}
{[%emt 00:04:49]} Rc6 {[%clk 01:07:31]} {[%emt 00:00:36]} 27. Rb7 {[%clk
00:45:43]} {[%emt 00:03:54]} Nf5 {[%clk 01:06:58]} {[%emt 00:01:04]} 28. g3
{[%clk 00:33:22]} {[%emt 00:12:50]} Rg8 {[%clk 01:01:45]} {[%emt 00:05:43]} 29.
Kf1 {[%clk 00:28:43]} {[%emt 00:05:09]} Rc7 {[%clk 00:47:41]} {[%emt 00:14:34]}
30. Rxc7 {[%clk 00:23:30]} {[%emt 00:05:44]} Qxc7 {[%clk 00:48:04]} {[%emt
00:00:08]} 31. Re1 {[%clk 00:22:14]} {[%emt 00:01:46]} Qd6 {[%clk 00:46:31]}
{[%emt 00:02:03]} 32. Qe2 {[%clk 00:21:15]} {[%emt 00:01:29]} Rxg3 {[%clk
00:43:27]} {[%emt 00:03:34]} 33. Qd1 {[%clk 00:15:08]} {[%emt 00:06:36]} Qa6+
{[%clk 00:39:06]} {[%emt 00:04:51]} 34. Qe2 {[%clk 00:14:36]} {[%emt 00:01:02]}
Qxe2+ {[%clk 00:39:15]} {[%emt 00:00:22]} 35. Kxe2 {[%clk 00:14:55]} {[%emt
00:00:11]} Rg4 {[%clk 00:39:35]} {[%emt 00:00:10]} 36. Kf1 {[%clk 00:13:52]}
{[%emt 00:01:33]} Rf4 {[%clk 00:38:07]} {[%emt 00:02:04]} 37. Kg2 {[%clk
00:13:18]} {[%emt 00:00:58]} Kg7 {[%clk 00:34:40]} {[%emt 00:03:57]} 0-1

[Event "25th 4NCL Congress"]
[Site "Leamington Spa, United Kingdom"]
[Date "2021.07.11"]
[Round "4.21"]
[White "Freeland, Alexander"]
[Black "Gogia, Armaan"]
[Result "0-1"]
[TimeControl "All moves in 90 minutes + 30 seconds per move"]
[WhiteElo "2003"]
[BlackElo "1891"]

1. d4 {[%clk 01:28:51]} {[%emt 00:00:01]} Nf6 {[%clk 01:30:54]} 2. c4 {[%clk
01:29:09]} g6 {[%clk 01:31:21]} 3. Nc3 {[%clk 01:29:34]} Bg7 {[%clk 01:31:50]}
4. e4 {[%clk 01:29:56]} d6 {[%clk 01:32:18]} 5. Nf3 {[%clk 01:28:58]} O-O
{[%clk 01:32:43]} 6. Be2 {[%clk 01:29:20]} e5 {[%clk 01:33:08]} 7. O-O {[%clk
01:29:42]} Nc6 {[%clk 01:33:36]} 8. d5 {[%clk 01:30:03]} Ne7 {[%clk 01:34:04]}
9. b4 {[%clk 01:30:22]} Nh5 {[%clk 01:34:24]} 10. Re1 {[%clk 01:28:32]} h6
{[%clk 01:27:54]} 11. c5 {[%clk 01:23:03]} f5 {[%clk 01:27:48]} 12. Nd2 {[%clk
01:16:11]} Nf6 {[%clk 01:26:10]} 13. f3 {[%clk 00:54:37]} f4 {[%clk 01:25:51]}
14. b5 {[%clk 00:54:47]} g5 {[%clk 01:15:34]} 15. b6 {[%clk 00:53:14]} axb6
{[%clk 01:15:46]} 16. cxd6 {[%clk 00:53:20]} cxd6 {[%clk 01:16:09]} 17. Nc4 g4
{[%clk 00:51:41]} 18. Nb5 {[%clk 00:43:19]} g3 {[%clk 00:48:20]} 19. Nbxd6
{[%clk 00:34:28]} gxh2+ {[%clk 00:44:43]} 20. Kxh2 {[%clk 00:33:51]} Nh5 {[%clk
00:43:49]} 21. g4 {[%clk 00:27:49]} fxg3+ {[%clk 00:41:34]} 22. Kg2 {[%clk
00:28:12]} Ng6 {[%clk 00:30:58]} 23. Rh1 {[%clk 00:24:57]} Nhf4+ {[%clk
00:23:07]} 24. Kxg3 {[%clk 00:23:05]} Qg5+ {[%clk 00:21:42]} 25. Kf2 {[%clk
00:23:27]} Qg2+ {[%clk 00:18:14]} 26. Ke3 {[%clk 00:23:36]} Nxe2 {[%clk
00:18:20]} 27. Nxb6 {[%clk 00:22:01]} {[%emt 00:01:18]} Qxf3+ {[%clk 00:16:35]}
{[%emt 00:02:15]} 28. Kd2 {[%clk 00:22:23]} {[%emt 00:00:07]} Qc3+ {[%clk
00:16:57]} {[%emt 00:00:08]} 29. Kxe2 {[%clk 00:22:39]} {[%emt 00:00:15]} Bg4#
{[%clk 00:17:23]} {[%emt 00:00:04]} 0-1